Toutes les équipes ayant participé à l'UEFA Champions League - Statistiques

Statistiques générales
  • Ce quiz a été pris 92 fois
    17 depuis la dernière actualisation
  • Le résultat moyen est 93 sur 158
Statistiques - réponses
Fédération Club % Correct
France Olympique de Marseille
100%
France Olympique lyonnais
100%
France Paris Saint-Germain
100%
France AJ Auxerre
92%
France AS Monaco
92%
Espagne Atletico Madrid
92%
France LOSC Lille
92%
Espagne Real Madrid
92%
Pays-Bas Ajax Amsterdam
85%
Angleterre Arsenal
85%
Pays-Bas AZ Alkmaar
85%
Allemagne Bayer Leverkusen
85%
Allemagne Bayern Munich
85%
Allemagne Borussia Dortmund
85%
Écosse Celtic Glasgow
85%
Espagne FC Barcelone
85%
Portugal FC Porto
85%
France Girondins de Bordeaux
85%
Angleterre Liverpool FC
85%
Angleterre Manchester City
85%
Angleterre Manchester United
85%
Pays-Bas PSV Eindhoven
85%
Allemagne RB Leipzig
85%
France RC Lens
85%
Espagne Real Betis
85%
Portugal SL Benfica
85%
Italie AC Milan
77%
Chypre APOEL Nicosie
77%
Angleterre Aston Villa
77%
Espagne Athletic Bilbao
77%
Angleterre Chelsea
77%
Belgique Club Bruges
77%
Ukraine Dynamo Kiev
77%
Serbie Étoile rouge de Belgrade
77%
Suisse FC Bâle
77%
Danemark FC Copenhague
77%
Espagne FC Séville
77%
Espagne Girona FC
77%
Écosse Glasgow Rangers
77%
Italie Inter Milan
77%
Italie Juventus Turin
77%
France Montpellier HSC
77%
Grèce Olympiakos
77%
Azerbaïdjan Qarabag
77%
Autriche RB Salzbourg
77%
Allemagne Schalke 04
77%
République tchèque Sparta Prague
77%
Portugal Sporting Lisbonne
77%
Angleterre Tottenham
77%
Allemagne Union Berlin
77%
Allemagne VfL Wolfsburg
77%
Russie Zenith Saint-Pétersbourg
77%
Turquie Besiktas
69%
Norvège Bodø/Glimt
69%
Russie CSKA Moscou
69%
Croatie Dinamo Zagreb
69%
France FC Nantes
69%
Turquie Fenerbahce
69%
Pays-Bas Feyenoord Rotterdam
69%
Turquie Galatasaray
69%
Allemagne Hambourg SV
69%
Allemagne Hertha Berlin
69%
Finlande HJK Helsinki
69%
Turquie Istanbul Basaksehir
69%
Angleterre Leeds United
69%
Suède Malmö FF
69%
Autriche Rapid Vienne
69%
Belgique RSC Anderlecht
69%
Portugal SC Braga
69%
République tchèque Slavia Prague
69%
Belgique Union Saint-Gilloise
69%
Espagne Valence CF
69%
Espagne Villareal CF
69%
Suisse Young Boys Berne
69%
Italie ACF Fiorentina
62%
Grèce AEK Athènes
62%
Italie AS Roma
62%
Autriche Austria Vienne
62%
Angleterre Blackburn Rovers
62%
Espagne Deportivo La Corogne
62%
Italie FC Bologne
62%
Suisse FC Zurich
62%
Hongrie Ferencvaros TC
62%
Belgique KAA La Gantoise
62%
Belgique KRC Genk
62%
Italie Lazio Rome
62%
Pologne Legia Varsovie
62%
Russie Lokomotiv Moscou
62%
Israël Maccabi Haïfa
62%
Israël Maccabi Tel Aviv
62%
Grèce Panathinaikos
62%
Ukraine Shakhtar Donetsk
62%
Italie SSC Napoli
62%
France Stade rennais
62%
Roumanie Steaua Bucarest
62%
Allemagne Werder Brême
62%
Italie Atalanta Bergame
54%
Allemagne Borussia Monchengladbach
54%
Roumanie CFR Cluj
54%
Kazakhstan FC Astana
54%
Angleterre Leicester City
54%
Bulgarie Ludogorets Razgrad
54%
Espagne Malaga CF
54%
Angleterre Newcastle United
54%
Serbie Partizan Belgrade
54%
Espagne Real Sociedad
54%
Moldavie Sheriff Tiraspol
54%
Slovaquie Slovan Bratislava
54%
France Stade brestois 29
54%
Turquie Trabzonspor
54%
République tchèque Viktoria Plzen
54%
Biélorussie BATE Borisov
46%
Allemagne Eintracht Francfort
46%
Pays-Bas FC Twente
46%
Russie FK Krasnodar
46%
Croatie Hajduk Split
46%
Norvège Molde FK
46%
Chypre Pafos
46%
Espagne RCD Majorque
46%
Russie Spartak Moscou
46%
Belgique Standard de Liège
46%
Autriche Sturm Graz
46%
Allemagne VfB Stuttgart
46%
Danemark Brondby IF
38%
Danemark FC Nordsjælland
38%
Danemark FK Midtjylland
38%
Suisse Grasshopper Zurich
38%
Kazakhstan Kairat Almaty
38%
Italie Parme
38%
Norvège Rosenborg BK
38%
Belgique Royal Antwerp
38%
Danemark Aalborg
31%
Suède AIK Solna
31%
Portugal Boavista FC
31%
Russie FK Rostov
31%
Israël Hapoël Tel Aviv
31%
Allemagne Kaiserslautern
31%
Slovénie NK Maribor
31%
Russie Rubin Kazan
31%
Italie Udinese
31%
Espagne Celta Vigo
23%
Suisse FC Thoune
23%
Allemagne Hoffenheim
23%
Bulgarie Levski Sofia
23%
Pays-Bas Willem II
23%
Chypre Anorthosis Famagouste
15%
Turquie Bursaspor
15%
Hongrie Debreceni VSC
15%
Suède IFK Göteborg
15%
Belgique Lierse SK
15%
Slovaquie MSK Zilina
15%
Pologne Wizdew Lodz
15%
Slovaquie FC Kosice
8%
Pays-Bas sc Heerenveen
8%
Slovaquie FC Petrzalka
0%
Suède Helsingborgs IF
0%
Roumanie Otelul Galati
0%
Roumanie Unirea Urziceni
0%
Aucun quiz correspondant
Distribution des résultats
% des personnes avec chaque résultat
Percentile par nombre de réponses
Votre historique - résultats
Vous n’avez pas pris ce quiz depuis la dernière actualisation